000 00387cam a22001097a 4500
008 180718b1984 xxu||||| |||| 00| 0 eng d
082 _aXA065x5453 K45 1982
245 _aBrochure on housing statistics 1982
_cby The Housing And Labour Division
260 _aTrivendrum
_bDirectorate of Economics and Statistics
_c1984
300 _aix, 84p
700 _aKerala. The Housing And Labour Division
999 _c413756
_d413756